| 000 | 00403nam a2200145Ia 4500 | ||
|---|---|---|---|
| 008 | 231129s1989||||xx |||||||||||||| ||spa|| | ||
| 020 | _a958-643-000-6 | ||
| 040 | _bspa | ||
| 082 | _a914 S231 | ||
| 100 | _aSantander Francisco de Paula | ||
| 245 | 0 | _aSantander en Europa | |
| 260 | _c1989 | ||
| 264 | _aFundacion Francisco de Paula Santander | ||
| 942 |
_2ddc _cBKS |
||
| 999 |
_c24331 _d24331 |
||